| 000 | 01471nam2a22002651 4500 | ||
|---|---|---|---|
| 001 | v19\rc\1898387 | ||
| 005 | 20251118180439.9 | ||
| 035 | _a(NLR Aleph) 004984174 | ||
| 090 |
_a6216909 _c6216909 |
||
| 100 | _a20080221d1911 u y0rusy50 ca | ||
| 101 | 0 | _arus | |
| 102 | _aRU | ||
| 105 | _ay z ||||| | ||
| 200 | 0 | _a1911 г. | |
| 210 | _d1911 | ||
| 215 | _a[3], 79 с. | ||
| 461 | 0 |
_1001v19\rc\1898386 _12001#$aОтчет о первых курсах по естествоведению для учащих в городских по положению 1872 г. и двухклассных училищах Кавказского учебного округа$fКавк. учеб. окр.$v1911 г. _96216903 _aКавказский учебный округ. Курсы по естествоведению для учащих в городских, по положению 1872 г., и двухклассных училищах (1911) _cТифлис _d1911 _fКавк. учеб. окр. _tОтчет о первых курсах по естествоведению для учащих в городских по положению 1872 г. и двухклассных училищах Кавказского учебного округа _v1911 г. |
|
| 801 | 0 |
_aRU _bNLR _gpsbo |
|
| 801 | 0 |
_aRU _bRuMoRGB _2psbo |
|
| 801 | 1 |
_aRU _bProSoft-M _2rusmarc |
|
| 852 |
_aNLR _j17.164.3.18 |
||
| 899 |
_aRuMoRGB _jC 215/1755 |
||
| 899 |
_aRuMoRGB _jC 30/243 |
||
| 942 | _cBOOK | ||
| 980 | _aNB | ||